000 00218nam a22000857a 4500
008 170131b xxu||||| |||| 00| 0 eng d
100 _92685
_aVerlag.M.H.
245 _aLernziel Deutsch-XI-XII
260 _aChennai
_bG.B.C.
_c1998
999 _c5846
_d5846